书目信息 |
| 题名: |
教父
|
|
| 作者: | 普佐 , Puzo 著 ;周汉林 译 | |
| 分册: | ||
| 出版信息: | 贵阳 贵州人民出版社 1982 |
|
| 页数: | 532页 | |
| 开本: | 20cm | |
| 丛书名: | ||
| 单 册: | ||
| 中图分类: | I712.45 | |
| 科图分类: | ||
| 主题词: | 长篇小说--美国--现代 | |
| 电子资源: | ||
| ISBN: | 7-221-03056-1 | |
| 000 | 00811nam0 2200289 450 | |
| 001 | 1898101334 | |
| 005 | 20100713055207.0 | |
| 010 | @a7-221-03056-1@dCNY10.80 | |
| 011 | @a7-221-03056-1 | |
| 100 | @a20030606e19931982em y0chiy0110 ea | |
| 101 | 1 | @achi@ceng |
| 102 | @aCN@b520000 | |
| 105 | @ay z 000ay | |
| 106 | @ar | |
| 200 | 1 | @a教父@9Jiao Fu @f(美)马里奥·普佐(MarioPuzo)著@g周汉林译 |
| 210 | @a贵阳@c贵州人民出版社@d1982@h1993重印 | |
| 215 | @a532页@d20cm | |
| 300 | @a世界名著珍藏本 | |
| 314 | @a马里奥·普佐,美国当代作家 | |
| 510 | 1 | @aThe godfather@zeng |
| 606 | 0 | @a长篇小说@y美国@z现代 |
| 690 | @aI712.45@v4 | |
| 701 | 1 | @a普佐@9pu zuo@bM.@4著 |
| 701 | 1 | @aPuzo@bMario@4著 |
| 702 | 0 | @a周汉林@9zhou han lin@4译 |
| 801 | 0 | @aCN@bAzMarc@c20130904 |
| 905 | @aBZT@dI71@e4@f1@sI71/4 | |
| 教父/(美)马里奥·普佐(MarioPuzo)著/周汉林译.-贵阳:贵州人民出版社,1982(1993重印) |
| 532页;20cm |
| 世界名著珍藏本 |
| ISBN 7-221-03056-1:CNY10.80 |
| ● |
| 相关链接 |
|
|
|
正题名:教父
索取号:I71/4
 
预约/预借
| 序号 | 登录号 | 条形码 | 馆藏地/架位号 | 状态 | 备注 |
| 1 | 2000101015 | 2000101015 | 旧书回溯/ [索取号:I71/4] | 在馆 |